000 00636nam a2200169 i 4500
001 47098
003 ES-MaACL
005 20250924140131.0
007 t|
008 030403s1921 sp ||||1| spa d
100 1 _aLozoya, Juan de Contreras y López de Ayala,
_cMarqués de,
_d1893-1978
_9129112
245 1 0 _aHistoria de las corporaciones de Menestrales en Segovia /
_ccompuesta por, Marqués de Lozoya ; con un prólogo de Eduardo Ibarra y Rodríguez.
260 _aSegovia :
_bMauro Lozano,
_c1921.
700 1 _aIbarra y Rodríguez, Eduardo,
_d1866-1944
_964967
852 _aES-MaACL
_j1609-F-4
999 _c47098
_d47098